Stadi Serie C girone A - Statistics

Statistiche generali
  • Questo quiz è stato fatto 35 volte
  • Il punteggio medio è 8 su 19
Statistiche sulle risposte
Squadra Stadio % Corretto
Triestina Nereo Rocco
83%
Vicenza Romeo Menti
83%
Padova Euganeo
80%
Novara Silvio Piola
67%
Pro Vercelli Silvio Piola
67%
Lecco Rigamonti-Ceppi
53%
AlbinoLeffe Centro Sportivo AlbinoLeffe
47%
Giana Comunale Città di Gorgonzola
40%
Renate Città di Meda
37%
Pro Patria Carlo Speroni
30%
Trento Briamasco
27%
Atalanta U23 Gewiss Stadium
27%
Feralpisalò Leonardo Garilli
23%
Clodiense Aldo e Dino Ballarin
20%
Alcione Milano Arena Civica Giovanni Brera
20%
Lumezzane Tullio Saleri
20%
V. Verona Centro Sportivo Mario Gavagnin
17%
Arzignano Tommaso Dal Molin
17%
Caldeiro Terme Mario Berti
10%
Nessun quiz corrispondente trovato
Distribuzione punteggi
Percentuale di utenti per punteggio
Percentile per numero di risposta
I tuoi punteggi nel tempo
Non hai fatto questo quiz